Lanean...
Pearson guide to logical reasoning and the data interpretation for the CAT
| Egile nagusia: | |
|---|---|
| Formatua: | Printed Book |
| Argitaratua: |
New Delhi
Pearson education
2012
|
| Edizioa: | 3 |
| Gaiak: |
| LEADER | 00542nam a22001457a 4500 | ||
|---|---|---|---|
| 020 | |a 9788131733745 | ||
| 082 | |a 371.262 |b NIS.P | ||
| 100 | |a K Sinha Nishit | ||
| 245 | |a Pearson guide to logical reasoning and the data interpretation for the CAT | ||
| 250 | |a 3 | ||
| 260 | |a New Delhi |b Pearson education |c 2012 | ||
| 650 | |a Competitive examinations |a Common admission test - Guide | ||
| 942 | |c BK | ||
| 999 | |c 4648 |d 4648 | ||
| 952 | |0 0 |1 0 |4 0 |6 371_262000000000000_NIS_P |7 0 |8 REF |9 4637 |a CAMPUS |b CAMPUS |d 2015-05-27 |l 0 |o 371.262 NIS.P |p 18615 |r 2015-05-27 |w 2015-05-27 |y BK | ||